| 000 | 00424nam a2200157Ia 4500 | ||
|---|---|---|---|
| 008 | 241014s9999||||xx |||||||||||||| ||und|| | ||
| 020 | _a0-853695075 | ||
| 060 | _aQV 39 H 2002 | ||
| 100 | _aRobin J. Harman, Pamela Mason | ||
| 245 | 0 | _aHandbook of Pharmacy Healthcare: Diseases and Patient Advice. | |
| 250 | _a2nd | ||
| 260 |
_bPharmaceutical Press _c2002 |
||
| 300 | _a604 | ||
| 650 | _aPharmacology | ||
| 942 |
_bDIMC _cBK |
||
| 999 |
_c7984 _d7984 |
||